Statistics for 2019-2020 Indianapolis Colts Current Roster

Click here to take the quiz!

General Stats

  • This quiz has been taken 69 times
  • The average score is 23 of 39

Answer Stats

HintAnswer% Correct
QBJacoby Brissett
100%
WRTY Hilton
96%
QBAndrew Luck
96%
RBMarlon Mack
94%
OLQuenton Nelson
92%
TEEric Ebron
88%
TEJack Doyle
86%
LBDarius Leonard
80%
RBNyheim Hines
78%
KAdam Vinatieri
72%
CoachFrank Reich
72%
OLBraden Smith
68%
OLRyan Kelly
68%
CBRock Ya-Sin
68%
TEMo Alie-Cox
68%
RBJordan Wilkins
66%
FSMalik Hooker
62%
WRZach Pascal
60%
PRigoberto Sanchez
60%
WRDevin Funchess
58%
OLAnthony Castonzo
58%
LBAnthony Walker
56%
WRParris Campbell
56%
QBPhillip Walker
56%
DEJustin Houston
56%
CBKenny Moore
54%
OLMark Glowinski
50%
DTDenico Autry
44%
WRMarcus Johnson
44%
CBPierre Desir
44%
DEJabaal Sheard
42%
DTMargus Hunt
40%
LSLuke Rhodes
40%
CBQuincy Wilson
38%
WRChester Rogers
36%
SSClayton Geathers
36%
DEAl-Quadin Muhammad
24%
LBBen Banogu
20%
CBNate Hairston
14%

Score Distribution

Percentile by Number Answered

Percent of People with Each Score

Your Score History

You have not taken this quiz